Die Kant van die hemel (Record no. 511519)

MARC details
000 -LEADER
fixed length control field 00232nam a2200097Ia 4500
082 ## - DEWEY DECIMAL CLASSIFICATION NUMBER
Classification number AF KING
008 - FIXED-LENGTH DATA ELEMENTS--GENERAL INFORMATION
fixed length control field 210825s9999 xx 000 0 und d
100 ## - MAIN ENTRY--PERSONAL NAME
Personal name Kingsbury, Karen
9 (RLIN) 2331
245 #0 - TITLE STATEMENT
Title Die Kant van die hemel
942 ## - ADDED ENTRY ELEMENTS
item type Books
--
-- CRON CRON

No items available.